LEADER 01174nam a2200265 i 4500 001 000000195133 003 CaOOAMICUS 005 20161102000000.0 008 161102s1963 it u000 u ita u 013 $a173796 040 $aSeMil$bita 100 1 $aBilinski, Bronislaw.$0(OLS)http://semarc/name/10848 240 00$aMaria Konopnicka e le sue opere.$0(OLS)http://semarc/title/281442 245 10$aMaria Konopnicka e le sue liriche :$bItalia /$cBronislaw Bilinski. 260 $aZaklad [etc.] :$bWroclaw ; Warszawa Kraków,$c1963. 300 $a71 p. :$bill. ;$c24 cm. 490 0 $aConferenze ;$v20 500 $aContiene : Nota bibliografica ; Prologo biografico. 650 4$aKnopnicka, Maria.$0(OLS)http://semarc/subject/36647 830 0$aConferenze ;$v20.$0(OLS)http://semarc/title/31893 850 $aSeMil 852 $aSeMil$W1$xVenegono$y1$m5B III 37/3$j145702$B145702$CSeMilBibl$Z2$F214116 $81 961 $aOmaggio: Grampa dott. Cesare 996 $6245$aMaria Konopnicka e le sue liriche :$bItalia$9(OLS)http://semarc/title/281443 996 $6260$aZaklad [etc.] :$bWroclaw ; Warszawa Kraków$9(OLS)http://semarc/publisher/50697 LEADER 00972nam a2200205 i 4500 001 000000122662 003 CaOOAMICUS 005 20040209000000.0 008 040209n it u000 u ita u 013 $a95357 040 $aSeMil$bita 100 1 $aBuonarroti, Michelangelo,$d<1475-1564>.$0(OLS)http://semarc/name/5320 245 10$aAtti del Convegno Internazionale di Studi :$bRoma, marzo 1990 /$ca cura di Kathleen Weil-Garris Brandt. 300 $aXV, 430 p. :$briccamente ill. 700 1 $aWeil-Garris Brandt, Kathleen.$0(OLS)http://semarc/name/51000 773 0 $aBuonarroti, Michelangelo <1475-1564>$tMichelangelo.$dNovara : Istituto Geografico De Agostini, copyr. 1994.$z8841507780$gVolume3$w()10981 850 $aSeMil 852 $aSeMil$W1$xVenegono$y1$m5I IX 84$j77615$B77615$CSeMilBibl$Z2$F79608 $8I 961 $aOmaggio: Martini Card. Carlo Maria 996 $6245$aAtti del Convegno Internazionale di Studi :$bRoma, marzo 1990$9(OLS)http://semarc/title/180671